Economie politique du communisme

محفوظ في:
التفاصيل البيبلوغرافية
المؤلف الرئيسي: Roumiantsev, Alexei
التنسيق: كتاب
اللغة:Undetermined
منشور في: Moscou Editions du Progres 1969
الموضوعات:
الوسوم: إضافة وسم
لا توجد وسوم, كن أول من يضع وسما على هذه التسجيلة!
Thư viện lưu trữ: Trung tâm Học liệu Trường Đại học Cần Thơ
LEADER 00491nam a2200181Ia 4500
001 CTU_80426
008 210402s9999 xx 000 0 und d
082 |a 335.4 
082 |b R859 
100 |a Roumiantsev, Alexei 
245 0 |a Economie politique du communisme 
245 0 |c Alexei Roumiantsev 
260 |a Moscou 
260 |b Editions du Progres 
260 |c 1969 
650 |a Marxian economics 
904 |i Trọng Hải 
980 |a Trung tâm Học liệu Trường Đại học Cần Thơ